Психодидактика. Ч. 14: Модельный подход к обучению и усвоению знаний по физике (Запись № 4388489)
[ простой вид ]
| 000 -МАРКЕР | |
|---|---|
| контрольное поле | 01599nam2a2200313 i 4500 |
| 001 - ИДЕНТИФИКАТОР ЗАПИСИ | |
| контрольное поле | RU\NLR\bibl\2014768 |
| 005 - ИДЕНТИФИКАТОР ВЕРСИИ | |
| контрольное поле | 20260406052811.0 |
| 021 ## - НОМЕР ГОСУДАРСТВЕННОЙ РЕГИСТРАЦИИ | |
| Код страны | Российская Федерация |
| Номер | 2013-16009 |
| Номер Листа государственной регистраци | 1140 |
| 035 ## - ДРУГИЕ СИСТЕМНЫЕ НОМЕРА | |
| Идентификатор записи | (NLR Aleph) 002003194 |
| 100 ## - ДАННЫЕ ОБЩЕЙ ОБРАБОТКИ | |
| Данные общей обработки | 20130321d2012 u y0rusy50 ca |
| 101 0# - ЯЗЫК РЕСУРСА | |
| Язык текста, звукозаписи и т.д. | русский |
| 102 ## - СТРАНА ПУБЛИКАЦИИ ИЛИ ПРОИЗВОДСТВА | |
| Страна публикации | Российская Федерация |
| 105 ## - ПОЛЕ КОДИРОВАННЫХ ДАННЫХ: ТЕКСТОВЫЕ МАТЕРИАЛЫ, МОНОГРАФИЧЕСКИЕ | |
| Кодированные данные о монографическом текстовом документе | a ||||||||| |
| 200 1# - ЗАГЛАВИЕ И СВЕДЕНИЯ ОБ ОТВЕТСТВЕННОСТИ | |
| Основное заглавие | Модельный подход к обучению и усвоению знаний по физике |
| Первые сведения об ответственности | Е.А. Шимко, А.Н. Крутский |
| 210 ## - ПУБЛИКАЦИЯ, РАСПРОСТРАНЕНИЕ И ДР. | |
| Дата издания, распространения и т.д. | 2012 |
| 215 ## - ФИЗИЧЕСКАЯ ХАРАКТЕРИСТИКА | |
| Специфическое обозначение материала и объем | 77 с. |
| Другие сведения о физической характеристике | ил. |
| 320 ## - ПРИМЕЧАНИЯ О НАЛИЧИИ В ДОКУМЕНТЕ БИБЛИОГРАФИИ / УКАЗАТЕЛЯ | |
| Текст примечания | Библиогр.: с. 73-74 (14 назв.) |
| 461 #1 - УРОВЕНЬ НАБОРА | |
| Встроенное поле | 001RU\NLR\bibl\1938418 |
| -- | 2001#$aПсиходидактика$vЧ. 14 |
| Идентификатор связанной записи | RU\NLR\bibl\1938418 |
| Системный номер (АБИС) связанной записи | 3392711 |
| Автор | Гибельгауз, О. С. |
| Место публикации | Барнаул |
| Дата публикации | 2012 |
| Первые сведения об ответственности | О.С. Гибельгауз, А.Н. Крутский |
| Имя издателя, распространителя и т.д. | Алтайская государственная педагогическая академия |
| Сведения, относящиеся к заглавию | [учебно-методическое пособие] |
| Заглавие | Психодидактика |
| Номер тома | Ч. 14 |
| 606 ## - НАИМЕНОВАНИЕ ТЕМЫ КАК ПРЕДМЕТ | |
| Наименование темы | Физика |
| Формальный подзаголовок | Учебно-методические пособия |
| Тематический подзаголовок | Модульное обучение |
| -- | Средняя школа |
| Системный номер авторитетной/нормативной записи | 2155943 |
| Идентификатор авторитетной/нормативной записи | RU\NLR\AUTH\661602603 |
| 686 1# - ИНДЕКСЫ ДРУГИХ КЛАССИФИКАЦИЙ | |
| Индекс | Ч426.51-25я7 |
| 701 #1 - ИМЯ ЛИЦА - АЛЬТЕРНАТИВНАЯ ОТВЕТСТВЕННОСТЬ | |
| Начальный элемент ввода | Шимко |
| Часть имени, кроме начального элемента ввода | Е. А. |
| Расширение инициалов личного имени | Елена Анатольевна |
| Код отношения | Автор |
| 701 #1 - ИМЯ ЛИЦА - АЛЬТЕРНАТИВНАЯ ОТВЕТСТВЕННОСТЬ | |
| Код отношения | Автор |
| Материалы, к которым относится поле | rus |
| Графика поля | Кириллица |
| Начальный элемент ввода | Крутский |
| Часть имени, кроме начального элемента ввода | А. Н. |
| Расширение инициалов личного имени | Александр Николаевич |
| Идентификатор авторитетной/нормативной записи | RU\NLR\auth\777680 |
| Системный номер авторитетной/нормативной записи | 117612 |
| 801 #0 - ИСТОЧНИК ЗАПИСИ | |
| Страна | Российская Федерация |
| Организация | NLR |
| Дата составления | 20130321 |
| Правила каталогизации | RCR |
| 801 #1 - ИСТОЧНИК ЗАПИСИ | |
| Страна | Российская Федерация |
| Организация | NLR |
| Дата составления | 20130321 |
| 942 ## - ДОПОЛНИТЕЛЬНЫЕ ЭЛЕМЕНТЫ ЗАПИСИ (АБИС) | |
| Тип экземпляра АБИС | Книга |
| 980 ## - КОЛЛЕКЦИЯ | |
| Название коллекции | НБР |
Нет доступных экземпляров.